00496nam a2200085Ia 4500008004100000245002100041300026800062650002800330856005200358170517s9999 xx 000 0 und d aLet's Make Money aMost of us don't know where their money is. However, one thing is for certain, it's is not in the bank to which we entrusted it. The bank and our money is already a part of the cycle of the global money market. Let’s Make Money is an anti-capitalist Austrian... xBusiness and Economics. uhttp://topdocumentaryfilms.com/lets-make-money/